LIBRARY & INFORMATION CENTRE, KCAET, TAVANUR

ONLINE PUBLIC ACCESS CATALOGUE (OPAC)

Aarkum vendatha manushyan / (Record no. 4097)

MARC details
000 -LEADER
fixed length control field 00434cam a2200181ua 4500
041 ## - LANGUAGE CODE
Language code of text/sound track or separate title mal
082 ## - DEWEY DECIMAL CLASSIFICATION NUMBER
Classification number 894.812 308
Item number EVG/AA
100 ## - MAIN ENTRY--AUTHOR NAME
Personal name EVG, .
245 ## - TITLE STATEMENT
Title Aarkum vendatha manushyan /
250 ## - EDITION STATEMENT
Edition statement 1 /
260 ## - PUBLICATION, DISTRIBUTION, ETC. (IMPRINT)
Place of publication Kodungallur :
Name of publisher Kerala Book House ,
Year of publication 1959.
300 ## - PHYSICAL DESCRIPTION
Number of Pages 187 ; .
942 ## - ADDED ENTRY ELEMENTS (KOHA)
Koha item type Books
Holdings
Withdrawn status Lost status Damaged status Home library Current library Date acquired Full call number Accession Number Koha item type
Withdrawn     KAUAET Malayalam University 07/04/2012 894.812 308 1079 Books
free website counter